1067 1712 1194 1634 1105 1475 1250 1273 1058 1782 1049 1230 1100 1368 1021 1420 1197 1485 1467 1210 1617 1480 1949 1609 1172 1898 1079 1027 1845 1697 1498 1957 1248 1085 1560 1286 1981 1044 1520 1936 1043 1914 1960 1302 1337 1672 1116 1529 1069 1079 1910 1808 1132 1819 1505 1344 1587 1672 1199 1351 1974 1371 1651 1454 1515 1351 1899 1314 1010 1684 1888 1063 1286 1020 1710 1021 1395 1772 1293 1767 1758 1232 1276 1688 1681 1802 1399 1042 1601 1170 1434 1993 1585 1875 1990 1686 1760 1405 1465 BCNSPRNW ULIB Ver.6.0+V

เปลี่ยนเป็นภาษาไทย

Change to English
 แสดงรายละเอียดบรรณานุกรม
  กลับหน้าหลัก

Brief Record : Get Marc (ISO 2709) : E-mail record : QR code < ปิดหน้าต่าง
LEADER : 00000nam 2200000uu 4500
001    13399112424
003     ULIB
008    110220s2543||||th 000 0 tha d
020    9742936188
050  4 HM141^bอ689ก 2543
100 0  อำภา กันทะเป็ง
245 00 การพัฒนาภาวะผู้นำสำหรับนักศึกษาพยาบาล/^cอำภา กันทะเป็ง
260    นครสวรรค์:^bวิทยาลัยพยาบาลบรมราชชนนี สวรรค์ประชารักษ์ นครสวรรค์,^c2543
300    65 หน้า
650  7 นักศึกษาพยาบาล
650  7 การพัฒนาความรู้
710 1  กระทรวงสาธารณสุข.^bสถาบันพระบรมราชนก.^bวิทยาลัยพยาบาลบรมราชชนนี สวรรค์ประชารักษ์ นครสวรรค์.
945    ^p0^l0^i012792
995    ทศพร
999 ^a ใช้งานได้ทุกระบบ
รายการนี้ยังไม่มีแท็ก
คุณยังไม่ได้ล็อกอิน คุณสามารถมีกิจกรรมร่วมกับเว็บไซต์ได้ แต่ต้องล็อกอินก่อน ::
  ล็อกอิน

รายการสื่อสารสนเทศ

ลำดับที่ ประเภท เลขเรียก/บาร์โค้ด สถานที่ สถานะ
- ไม่พบข้อมูล -

รายการใกล้เคียง
    ผู้แต่ง [อำภา กันทะเป็ง]

    หัวเรื่อง [นักศึกษาพยาบาล]

BibComment


ยังไม่เคยถูกคอมเมนท์

คอมเมนท์ทรัพยากรรายการนี้
  คอมเมนท์: การพัฒนาภาวะผู้นำ..


 Copyright 2026. Bcnsprnw @Library